Klavierkonzerte. Nr. 2. B Dur, op. 83 /

Bibliographic Details
Main Author: Brahms, Johannes, 1833-1897
Format: Musical Score Book
Published: Wiesbaden : VEB Breitkopf & Härtel, [between 1900 and 1999?]
Series:Partitur-Bibliothek; Nr. 3211
Subjects:

MARC

Tag First Indicator Second Indicator Subfields
LEADER 00000ccm a2200000 a 4500
001 in00001230821
005 20151003073150.0
008 860130q19001985gw coa n N/A d
028 3 0 |a 3211  |b VEB Breitkopf & Härtel 
028 2 0 |a J.B. 16  |b VEB Breitkopf & Härtel 
035 |a (OCoLC)13082022 
035 |9 AGT8085AM 
040 |a JNA  |c JNA  |d TXA  |d UtOrBLW 
045 |a w7w8 
048 |b ka01  |a oa 
049 |a TXAM 
090 |a M1010.B8  |b op.83 1900z 
100 1 |a Brahms, Johannes,  |d 1833-1897. 
240 1 0 |a Concertos,  |m piano, orchestra,  |n no. 2, op. 83,  |r B♭ major 
245 1 0 |a Klavierkonzerte.  |n Nr. 2. B Dur, op. 83 /  |c Johannes Brahms. 
246 1 6 |a Konzerte Nr. 2 (B Dur) für Klavier und Orchester 
254 |a Partitur. 
264 1 |a Wiesbaden :  |b VEB Breitkopf & Härtel,  |c [between 1900 and 1999?] 
300 |a 1 score (107 pages) ;  |c 34 cm. 
306 |a 004900 
336 |a notated music  |b ntm  |2 rdacontent 
337 |a unmediated  |b n  |2 rdamedia 
338 |a volume  |b nc  |2 rdacarrier 
490 0 |a Partitur-Bibliothek;  |v Nr. 3211 
500 |a Duration: 49 min. 
650 0 |a Concertos (Piano)  |v Scores. 
650 0 |a Piano with orchestra. 
948 |a c:fp 
999 |a MARS 
999 f f |s 7440f550-caac-3fc4-b8a6-49ad13e60cb9  |i ac9929ed-ed1c-3501-b1c1-ff2d0fadde76  |t 0 
952 f f |p ric  |a Texas A&M University  |b Rellis Campus  |c Joint Library Facility  |d Remote Storage  |t 0  |e M1010.B8 op.83 1900z  |h Library of Congress classification  |i unmediated -- volume  |m A14825073229 
998 f f |a M1010.B8 op.83 1900z  |t 0  |l Remote Storage